Bathroom design

Bibliographic Details
Main Author: Dean, Barry
Format: Book
Published: New York : Simon & Schuster,Inc. , 1985
Subjects:

MARC

LEADER 00000cam a2200000 7i4500
001 0000008447
002 000009206
005 20000330.0
020 |a 0671664344 
090 0 0 |a 728   |b DEA 
100 1 |a Dean, Barry 
245 1 0 |a Bathroom design   |c Barry Dean 
260 |a New York :   |b Simon & Schuster,Inc. ,   |c 1985 
300 |a 192 p. :   |b ill. ;   |c 25 cm. 
650 0 0 |a Bathrooms 
650 0 0 |a Interior decoration 
999 |a 020851   |b BUKU   |c PINJAMAN   |e PERPUSTAKAAN KOMUNITI PETALING JAYA